100 вопросов о керамике: справочник

Bibliographische Detailangaben
1. Verfasser: Чарина А. А. Анастасия Александровна
Zusammenfassung:Эта книга - не учебник и не пособие, а авторская попытка собрать нескучный справочник, полезный как начинающим керамистам, так и опытным профессионалам. Его задача — закрыть бреши в базовом понимании материала, потому что настоящее обучение начинается не с умных речей преподавателя, а в момент, когда у слушателей начинают появляться собственные вопросы.
Sprache:Russisch
Veröffentlicht: Санкт-Петербург, Большие города, 2025
Schlagworte:
Format: MixedMaterials Buch
KOHA link:https://koha.lib.tpu.ru/cgi-bin/koha/opac-detail.pl?biblionumber=681326

MARC

LEADER 00000nam0a2200000 4500
001 681326
005 20250930141052.0
010 |a 978-5-6050940-3-6 
090 |a 681326 
100 |a 20250821d2025 km|y0rusy50 ca 
101 0 |a rus 
102 |a RU 
105 |a a g 000yy 
181 0 |a i   |b  e  
182 0 |a n 
183 0 |a nc  |2 RDAcarrier 
200 1 |a 100 вопросов о керамике  |e справочник  |f Анастасия Чарина 
203 |a Текст  |b визуальный  |c непосредственный 
210 |a Санкт-Петербург  |c Большие города  |d 2025 
215 |a 253 с.  |c ил. 
283 |a volume  |2 RDAcarrier 
330 |a Эта книга - не учебник и не пособие, а авторская попытка собрать нескучный справочник, полезный как начинающим керамистам, так и опытным профессионалам. Его задача — закрыть бреши в базовом понимании материала, потому что настоящее обучение начинается не с умных речей преподавателя, а в момент, когда у слушателей начинают появляться собственные вопросы.  
517 1 |a Сто вопросов о керамике  |z rus 
606 |a Керамика в целом  |9 56633 
610 1 |a глина 
610 1 |a лепка 
610 1 |a цветные массы 
610 1 |a ангобы 
610 1 |a утельный обжиг 
610 1 |a глазури 
610 1 |a политой обжиг 
610 1 |a подглазурная опись 
610 1 |a надглазурная опись 
610 1 |a декорирование 
610 1 |a гипс 
610 1 |a мастерские 
610 1 |a ремонт 
610 1 |a вопросы 
610 1 |a ответы 
610 1 |a справочники 
675 |a 666.3(035)  |v 4 
700 1 |a Чарина  |b А. А.  |g Анастасия Александровна 
801 0 |c 20250822  |a RU  |b 63413507 
942 |c BK